Hsbun Espinal Judet/ el trujillo que yo conoci y otros relatos /Judet Hsbun Espinal (Registro nro. 12353)

Detalles MARC
000 -LEADER
fixed length control field 00506nam a22001691a 4500
001 - CONTROL NUMBER
control field 12353
003 - CONTROL NUMBER IDENTIFIER
control field OSt
005 - DATE AND TIME OF LATEST TRANSACTION
control field 20260204212323.0
008 - FIXED-LENGTH DATA ELEMENTS--GENERAL INFORMATION
fixed length control field 150629s2009|||| ||||||b||||||||||spa||
020 ## - NUMERO DE LIBRO INTERNACIONAL NORMALIZADO
International Standard Book Number 9788845427790
082 ## - DEWEY DECIMAL CLASSIFICATION NUMBER
Classification number Rd 972.93053 H27t
100 ## - ASIENTO PRINCIPAL -- NOMBRE PERSONAL
Personal name Hasbun Espinal Judet
245 ## - TÍTULO PROPIAMENTE DICHO: SUBTÍTULO
Title Hsbun Espinal Judet/ el trujillo que yo conoci y otros relatos /Judet Hsbun Espinal
264 ## - PRODUCTION, PUBLICATION, DISTRIBUTION, MANUFACTURE, AND COPYRIGHT NOTICE
Place of production, publication, distribution, manufacture Republica Dominicana Editora buo
650 ## - ASIENTO SECUNDARIO DE MATERIA -- TERMINO TEMÁTICO
Termino Temático Como Elemento de Entrada 1-HISTORIA - TRUJILLO REPUBLICA DOMINICANAÌ
942 ## - ADDED ENTRY ELEMENTS (KOHA)
Source of classification or shelving scheme Dewey Decimal Classification
Koha item type Libros
Existencias
Withdrawn status Lost status Source of classification or shelving scheme Damaged status Not for loan Current library Date acquired Total Checkouts Full call number Barcode Date last seen Price effective from Koha item type
    Dewey Decimal Classification     Biblioteca UTECO 09/09/2019   RD 972.93053 H27T 017388 09/09/2019 09/09/2019 Libros
    Dewey Decimal Classification     Biblioteca UTECO 09/09/2019   RD 972.93053 H27T 017389 09/09/2019 09/09/2019 Libros
    Dewey Decimal Classification     Biblioteca UTECO 09/09/2019   RD 972.93053 H27T 017390 09/09/2019 09/09/2019 Libros
    Dewey Decimal Classification     Biblioteca UTECO 09/09/2019   RD 972.93053 H27T 017391 09/09/2019 09/09/2019 Libros
    Dewey Decimal Classification     Biblioteca UTECO 09/09/2019   RD 972.93053 H27T 017392 09/09/2019 09/09/2019 Libros
© 2021 Derechos Reservados UTECO - Teléfono: +1 809-585-2291 - Correo electrónico: biblioteca@uteco.edu.do​  
Código postal 43000 ​​
Dirección: Avenida Universitaria No. 100, 
Cotuí, Provincia Sánchez Ramírez, República Dominicana - RNC: 404-00059-6